<?xml version="1.0" encoding="UTF-8"?>
<collection xmlns="http://www.loc.gov/MARC21/slim">
 <record>
  <leader>00441nam a22001455a 4500</leader>
  <controlfield tag="001">EUN.um010742</controlfield>
  <controlfield tag="003">AR-BaUNS</controlfield>
  <controlfield tag="005">20050623122854.0</controlfield>
  <controlfield tag="008">041125s1969####xxu###########000#0#eng#d</controlfield>
  <datafield tag="245" ind1="1" ind2="0">
   <subfield code="a">Growth, Equality an the mexican experience. /</subfield>
   <subfield code="c">Morris Singer.</subfield>
  </datafield>
  <datafield tag="260" ind1=" " ind2=" ">
   <subfield code="a">Austin :</subfield>
   <subfield code="b">University of Texas,</subfield>
   <subfield code="c">1969.</subfield>
  </datafield>
  <datafield tag="300" ind1=" " ind2=" ">
   <subfield code="a">341 p.</subfield>
  </datafield>
  <datafield tag="100" ind1="1" ind2=" ">
   <subfield code="a">Singer, Morris.</subfield>
  </datafield>
  <datafield tag="082" ind1="0" ind2="4">
   <subfield code="a">330.972</subfield>
  </datafield>
  <datafield tag="859" ind1=" " ind2=" ">
   <subfield code="a">Ar-BaUNS</subfield>
   <subfield code="b">BIB. CENTRAL - Sector C</subfield>
   <subfield code="h">330.972</subfield>
   <subfield code="i">Si64</subfield>
   <subfield code="p">56193/970</subfield>
  </datafield>
 </record>
</collection>
